Billboard Hot 100 Year-End Singles Of 2013 - Statistics

General Stats
  • This quiz has been taken 861 times
    810 since last reset
  • The average score is 58 of 100
Answer Stats
Hint Answer % Correct
10 Roar Katy Perry
97%
17 We Can't Stop Miley Cyrus
97%
18 Wrecking Ball Miley Cyrus
97%
16 I Knew You Were Trouble Taylor Swift
97%
71 22 Taylor Swift
97%
8 When I Was Your Man Bruno Mars
95%
11 Locked Out Of Heaven Bruno Mars
95%
30 Treasure Bruno Mars
95%
3 Radioactive Imagine Dragons
94%
47 It's Time Imagine Dragons
94%
62 Demons Imagine Dragons
94%
27 Diamonds Rihanna
94%
70 Pour It Up Rihanna
94%
13 Stay Rihanna featuring Mikky Ekko
94%
43 Same Love Macklemore & Ryan Lewis featuring Mary Lambert
93%
5 Can't Hold Us Macklemore & Ryan Lewis featuring Ray Dalton
93%
1 Thrift Shop Macklemore & Ryan Lewis featuring Wanz
93%
15 Royals Lorde
92%
55 Gangnam Style PSY
90%
53 Try P!nk
88%
7 Just Give Me A Reason P!nk featuring Nate Ruess
88%
2 Blurred Lines Robin Thicke featuring T.I. & Pharrell
88%
6 Mirrors Justin Timberlake
87%
20 Suit & Tie Justin Timberlake featuring Jay-Z
87%
42 Beauty And A Beat Justin Bieber featuring Nicki Minaj
83%
14 Get Lucky Daft Punk featuring Pharrell Williams
82%
19 Wake Me Up Avicii
80%
74 Best Song Ever One Direction
80%
63 Counting Stars OneRepublic
80%
49 Girl On Fire Alicia Keys featuring Nicki Minaj
77%
32 Started From The Bottom Drake
77%
34 Hold On, We're Going Home Drake featuring Majid Jordan
77%
23 Scream And Shout will.i.am featuring Britney Spears
76%
95 thatPOWER will.i,am featuring Justin Bieber
76%
37 Applause Lady Gaga
75%
58 Some Nights Fun.
72%
76 Carry On Fun.
72%
12 Ho Hey The Lumineers
71%
75 The A Team Ed Sheeran
70%
33 Come & Get It Selena Gomez
70%
50 Heart Attack Demi Lovato
69%
35 Daylight Maroon 5
69%
38 One More Night Maroon 5
69%
51 Love Somebody Maroon 5
69%
21 Cups Anna Kendrick
68%
45 Summertime Sadness Lana Del Rey & Cedric Gervais
68%
57 Die Young Ke$ha
67%
64 I Cry Flo Rida
62%
97 Let Her Go Passenger
62%
22 Holy Grail Jay-Z featuring Justin Timberlake
59%
36 Feel This Moment Pitbull featuring Christina Aguilera
57%
31 The Way Ariana Grande featuring Mac Miller
56%
26 Don't You Worry Child Swedish House Mafia featuring John Martin
54%
56 I Need Your Love Calvin Harris featuring Ellie Goulding
52%
44 Sweet Nothing Calvin Harris featuring Florence Welch
52%
40 My Songs Know What You Did In The Dark (Light Em Up) Fall Out Boy
52%
85 Hall Of Fame The Script featuring will.i.am
52%
24 Clarity Zedd featuring Foxes
52%
79 Swimming Pools (Drank) Kendrick Lamar
49%
100 Still Into You Paramore
48%
25 Sail AWOLNATION
46%
94 Get Your Shine On Florida Georgia Line
46%
9 Cruise Florida Georgia Line featuring Nelly
46%
67 Berzerk Eminem
44%
28 I Love It Icona Pop featuring Charli XCX
44%
73 The Fox (What Does The Fox Say?) Ylvis
42%
4 Harlem Shake Baauer
41%
52 I Will Wait Mumford & Sons
41%
82 Troublemaker Olly Murs featuring Flo Rida
41%
29 Safe And Sound Capital Cities
39%
68 Catch My Breath Kelly Clarkson
38%
86 Let Me Love You (Until You Learn To Love Yourself) Ne-Yo
38%
65 Little Talks Of Monsters And Men
38%
66 The Other Side Jason Derulo
35%
46 Home Phillip Phillips
35%
61 Gone, Gone, Gone Phillip Phillips
35%
41 F**kin Problems A$AP Rocky featuring Drake, 2 Chainz & Kendrick Lamar
29%
69 Crash My Party Luke Bryan
29%
78 That's My Kind Of Night Luke Bryan
29%
54 Wagon Wheel Darius Rucker
27%
96 Brave Sara Bareilles
27%
80 Sure Be Cool If You Did Blake Shelton
26%
60 Boys 'Round Here Blake Shelton featuring Pistol Annies & Friends
26%
39 Love Me Lil Wayne featuring Drake & Future
26%
84 Adorn Miguel
25%
89 Mama's Broken Heart Miranda Lambert
24%
99 I'm Different 2 Chainz
21%
77 Highway Don't Care Tim McGraw featuring Taylor Swift
21%
72 I Want Crazy Hunter Hayes
20%
92 Wanted Hunter Hayes
20%
48 Power Trip J. Cole featuring Miguel
20%
88 Next To Me Emeli Sande
18%
91 Bugatti Ace Hood featuring Future & Rick Ross
15%
83 Body Party Ciara
15%
81 Beautiful Mariah Carey featuring Miguel
15%
87 U.O.E.N.O. Rocko featuring Future & Rick Ross
11%
93 Downtown Lady Antebellum
9%
90 It Goes Like This Thomas Rhett
8%
59 Bad Wale featuring Tiara Thomas
8%
98 Runnin' Outta Moonlight Randy Houser
6%
No matching quizzes found
Score Distribution
Percent of People with Each Score
Percentile by Number Answered
Your Score History
You have not taken this quiz since the last reset